[Event "Rome City op 5th"]
[Site "Rome"]
[Date "2023.12.06"]
[Round "4"]
[White "Koridze, Lile"]
[Black "Zujev, Oleg"]
[Result "0-1"]
[WhiteElo "2158"]
[BlackElo "2271"]
[PlyCount "44"]
[EventDate "2023.12.04"]
[EventType "swiss"]
[EventRounds "9"]
[EventCountry "ITA"]
[SourceTitle "CB50_2023"]
[SourceDate "2023.12.13"]
[SourceVersion "1"]
[SourceVersionDate "2023.12.13"]
[SourceQuality "1"]

1. d4 Nf6 2. c4 g6 3. Nc3 d5 4. cxd5 Nxd5 5. Bd2 Nb6 6. Nf3 Bg7 7. Bf4 0-0 8. e3 c5 9. Be2 cxd4 10. exd4 Nc6 11. d5 Bxc3+ 12. bxc3 Qxd5 13. 0-0 Qxd1 14. Rfxd1 Bf5 15. Nd4 Nxd4 16. Rxd4 e5 17. Bxe5 Rfe8 18. f4 f6 19. Bxf6 Rxe2 20. Be5 Nd7 21. Bd6 Rae8 22. Rad1 Rxa2 0-1

[Event "Dubai op 22nd"]
[Site "Dubai"]
[Date "2022.08.30"]
[Round "4"]
[White "Prraneeth, Vuppala"]
[Black "Zujev, Oleg"]
[Result "1-0"]
[WhiteElo "2464"]
[BlackElo "2305"]
[PlyCount "79"]
[EventDate "2022.08.27"]
[EventType "swiss"]
[EventRounds "9"]
[EventCountry "UAE"]
[SourceTitle "CBM 210 Extra"]
[Source "ChessBase"]
[SourceDate "2022.11.30"]
[SourceVersion "1"]
[SourceVersionDate "2022.11.30"]
[SourceQuality "1"]

1. e4 c5 2. Nf3 e6 3. d4 cxd4 4. Nxd4 a6 5. Bd3 Bc5 6. Nb3 Be7 7. 0-0 d6 8. a4 Nf6 9. Nc3 Nc6 10. a5 0-0 11. Be3 Bd7 12. Na4 Nb4 13. Nb6 Rb8 14. f3 Qc7 15. c4 Nxd3 16. Qxd3 Bc6 17. Nd4 Rfd8 18. Rfc1 Be8 19. b4 Bf8 20. h3 Qe7 21. Rab1 Nd7 22. Nb3 Ne5 23. Qe2 g5 24. Rd1 Qf6 25. Nd4 Qg6 26. Rf1 Be7 27. Rb3 Qh5 28. Qd2 Ng6 29. Ne2 Ne5 30. f4 gxf4 31. Nxf4 Qh4 32. Bf2 Qh6 33. Rg3+ Ng6 34. Nxg6 Qxd2 35. Nxe7+ Kf8 36. Rg8+ Kxe7 37. Bh4+ f6 38. Bxf6+ Kf7 39. Rg7+ Kf8 40. Bc3+ 1-0

[Event "Abu Dhabi Masters 28th"]
[Site "Abu Dhabi"]
[Date "2022.08.20"]
[Round "5"]
[White "Sattarov, Bobir"]
[Black "Zujev, Oleg"]
[Result "1/2-1/2"]
[WhiteElo "2450"]
[BlackElo "2305"]
[PlyCount "114"]
[EventDate "2022.08.17"]
[EventType "swiss"]
[EventRounds "9"]
[EventCountry "UAE"]
[SourceTitle "CBM 209 Extra"]
[Source "ChessBase"]
[SourceDate "2022.09.30"]
[SourceVersion "1"]
[SourceVersionDate "2022.09.30"]
[SourceQuality "1"]

1. e4 c6 2. c4 e5 3. Nf3 d6 4. d4 Nd7 5. Nc3 Ngf6 6. Be2 Be7 7. 0-0 0-0 8. Qc2 a6 9. Rd1 Qc7 10. Be3 Ng4 11. Bd2 Re8 12. d5 c5 13. Ne1 Ngf6 14. a3 h6 15. Be3 Nh7 16. f3 Bg5 17. Bf2 g6 18. b4 b6 19. Rab1 Rf8 20. Rb2 h5 21. Rdb1 Nhf6 22. Nd3 Ne8 23. a4 a5 24. bxa5 Rxa5 25. Nc1 f5 26. Nb3 Ra8 27. exf5 gxf5 28. Bd3 e4 29. fxe4 Ne5 30. Nd2 Qg7 31. Kh1 Nf6 32. Bg1 Qh6 33. Re1 Bxd2 34. Qxd2 Qxd2 35. Rxd2 fxe4 36. Be2 Ba6 37. Rb1 Rfb8 38. Rdb2 Bxc4 39. Rxb6 Rxb6 40. Rxb6 Bxe2 41. Rxd6 Kf7 42. Nxe2 Rxa4 43. Bxc5 Ra1+ 44. Bg1 Rd1 45. Nc3 Rc1 46. Rxf6+ Kxf6 47. Nxe4+ Kf5 48. Ng3+ Kg4 49. Ne2 Rd1 50. h3+ Kg5 51. Nd4 Kf4 52. Kh2 Ke4 53. Ne2 Rd2 54. Ng3+ Kxd5 55. Nxh5 Nf3+ 56. Kh1 Nxg1 57. Kxg1 Ke4 1/2-1/2

[Event "Titled Tuesday intern op 16th Feb"]
[Site "Chess.com INT"]
[Date "2021.02.16"]
[Round "7"]
[White "Hartikainen, Jarmo"]
[Black "Zujev, Oleg"]
[Result "0-1"]
[WhiteElo "2142"]
[BlackElo "2305"]
[PlyCount "120"]
[EventDate "2021.02.16"]
[EventType "swiss (blitz)"]
[EventRounds "11"]
[EventCountry "USA"]
[SourceTitle "EXT 2022"]
[Source "ChessBase"]
[SourceDate "2021.10.06"]
[SourceVersion "1"]
[SourceVersionDate "2021.10.06"]
[SourceQuality "1"]

1. e4 c6 2. d4 d5 3. Nc3 dxe4 4. Nxe4 Bf5 5. Ng3 Bg6 6. h4 h6 7. N1e2 e6 8. Nf4 Bh7 9. Bc4 Nf6 10. Ngh5 Nbd7 11. Qe2 Nxh5 12. Nxh5 Nf6 13. Nxf6+ Qxf6 14. Be3 Bd6 15. 0-0-0 Bf4 16. d5 cxd5 17. Bb5+ Ke7 18. Kb1 Rhd8 19. Bc5+ Bd6 20. Rxd5 Bxc2+ 21. Kxc2 Rac8 22. b4 b6 23. Rhd1 bxc5 24. bxc5 Rxc5+ 25. Rxc5 Bxc5 26. Rxd8 Kxd8 27. Qd3+ Bd4 28. Qc4 Qxf2+ 29. Kd3 Qe3+ 30. Kc2 Bb6 31. Qc6 Qc5+ 32. Qxc5 Bxc5 33. a4 a5 34. Kd3 Ke7 35. Ke4 f5+ 36. Kf3 g5 37. hxg5 hxg5 38. g4 Kf6 39. Bd7 Bb4 40. Bc8 Ke5 41. Bd7 Bc3 42. Bc8 Bd2 43. Bd7 fxg4+ 44. Kxg4 Kd5 45. Kf3 e5 46. Ke2 Bf4 47. Kd3 e4+ 48. Ke2 Kd4 49. Bg4 Kc3 50. Bd7 Kb4 51. Kf2 g4 52. Ke2 g3 53. Kf1 e3 54. Bb5 Ka3 55. Kg2 e2 56. Bxe2 Kxa4 57. Bd1+ Kb4 58. Kf3 Bc7 59. Kg2 a4 60. Kf3 a3 0-1

[Event "Titled Tuesday intern op 16th Feb"]
[Site "Chess.com INT"]
[Date "2021.02.16"]
[Round "10"]
[White "Migot, Tangi"]
[Black "Zujev, Oleg"]
[Result "0-1"]
[WhiteElo "2353"]
[BlackElo "2305"]
[PlyCount "116"]
[EventDate "2021.02.16"]
[EventType "swiss (blitz)"]
[EventRounds "11"]
[EventCountry "USA"]
[SourceTitle "EXT 2022"]
[Source "ChessBase"]
[SourceDate "2021.10.06"]
[SourceVersion "1"]
[SourceVersionDate "2021.10.06"]
[SourceQuality "1"]

1. d4 Nf6 2. e3 g6 3. Nf3 Bg7 4. Be2 0-0 5. 0-0 d5 6. c3 c5 7. dxc5 Ne4 8. c4 dxc4 9. Bxc4 Qxd1 10. Rxd1 Nc6 11. Nbd2 Nxc5 12. Rb1 Bf5 13. Ra1 Rfd8 14. Re1 Nd3 15. Bxd3 Bxd3 16. a3 Rac8 17. Nb3 e6 18. Nc5 b6 19. Nxd3 Rxd3 20. Kf1 Na5 21. Rb1 Rc2 22. Re2 Rc8 23. b4 Nc4 24. Ne1 Rd1 25. Rc2 Nxe3+ 26. Bxe3 Rxe1+ 27. Kxe1 Rxc2 28. Rc1 Rxc1+ 29. Bxc1 b5 30. Ke2 Kf8 31. Kd3 Ke7 32. a4 a6 33. axb5 axb5 34. Be3 Kd6 35. Bc5+ Kd5 36. f3 e5 37. g4 f5 38. gxf5 gxf5 39. h3 e4+ 40. fxe4+ fxe4+ 41. Ke3 Bh6+ 42. Ke2 Kc4 43. h4 Bf4 44. h5 Bc1 45. Bf8 Ba3 46. Ke3 Bxb4 47. Bg7 Kd5 48. h6 Ba3 49. Kd2 Bc5 50. Kc3 b4+ 51. Kd2 Bd4 52. Bf8 b3 53. Ba3 b2 54. Kc2 e3 55. Bb4 Ke4 56. Be1 Kf3 57. Bb4 Ke2 58. Bc3 Bxc3 0-1

[Event "Titled Tuesday intern op 16th Feb"]
[Site "Chess.com INT"]
[Date "2021.02.16"]
[Round "11"]
[White "Shtyka, Sergey"]
[Black "Zujev, Oleg"]
[Result "0-1"]
[WhiteElo "2175"]
[BlackElo "2305"]
[PlyCount "50"]
[EventDate "2021.02.16"]
[EventType "swiss (blitz)"]
[EventRounds "11"]
[EventCountry "USA"]
[SourceTitle "EXT 2022"]
[Source "ChessBase"]
[SourceDate "2021.10.06"]
[SourceVersion "1"]
[SourceVersionDate "2021.10.06"]
[SourceQuality "1"]

1. e4 c6 2. Nf3 d5 3. Nc3 Bg4 4. h3 Bxf3 5. Qxf3 e6 6. d3 Nd7 7. g3 d4 8. Ne2 Ngf6 9. g4 Bb4+ 10. c3 dxc3 11. bxc3 Ne5 12. Qe3 Nxd3+ 13. Kd2 Nxc1+ 14. Kxc1 Ba3+ 15. Kc2 0-0 16. Qd4 Qa5 17. Ng3 Rfd8 18. Qc4 b5 19. Qb3 a6 20. Be2 c5 21. Rad1 c4 22. Qb1 Bc5 23. Rxd8+ Rxd8 24. Qe1 Qxa2+ 25. Kc1 Ba3# 0-1

[Event "Titled Tuesday intern op 16th Feb"]
[Site "Chess.com INT"]
[Date "2021.02.16"]
[Round "9"]
[White "Zujev, Oleg"]
[Black "Maevsky, Nikolay"]
[Result "0-1"]
[WhiteElo "2305"]
[BlackElo "2337"]
[PlyCount "44"]
[EventDate "2021.02.16"]
[EventType "swiss (blitz)"]
[EventRounds "11"]
[EventCountry "USA"]
[SourceTitle "EXT 2022"]
[Source "ChessBase"]
[SourceDate "2021.10.06"]
[SourceVersion "1"]
[SourceVersionDate "2021.10.06"]
[SourceQuality "1"]

1. d4 d5 2. c4 Nc6 3. Nf3 Bg4 4. cxd5 Bxf3 5. gxf3 Qxd5 6. e3 e5 7. Nc3 Bb4 8. dxe5 Qxd1+ 9. Kxd1 Bxc3 10. bxc3 0-0-0+ 11. Kc2 Nxe5 12. Be2 Ne7 13. f4 Nd7 14. Rg1 g6 15. c4 Rhe8 16. Bb2 Nc5 17. Bd4 Ne4 18. f3 c5 19. Be5 Rd2+ 20. Kb3 Rxe2 21. fxe4 Rxe3+ 22. Kb2 Rxe4 0-1

[Event "London Classic op 11th"]
[Site "London"]
[Date "2019.12.06"]
[Round "9"]
[White "Zujev, Oleg"]
[Black "Hebden, Mark"]
[Result "0-1"]
[WhiteElo "2316"]
[BlackElo "2436"]
[PlyCount "73"]
[EventDate "2019.11.29"]
[EventType "swiss"]
[EventRounds "9"]
[EventCountry "ENG"]
[SourceTitle "CBM 193 Extra"]
[Source "ChessBase"]
[SourceDate "2020.01.31"]
[SourceVersion "1"]
[SourceVersionDate "2020.01.31"]
[SourceQuality "1"]

1. d4 Nf6 2. c4 g6 3. Nc3 Bg7 4. e4 d6 5. Be2 0-0 6. Bg5 c6 7. Qd2 a6 8. Rd1 b5 9. a3 bxc4 10. Bxc4 Nbd7 11. Nge2 d5 12. Bd3 dxe4 13. Nxe4 a5 14. 0-0 Qb6 15. N4c3 Ba6 16. Na4 Qb7 17. Nec3 Bxd3 18. Qxd3 Rfe8 19. Rfe1 Rac8 20. d5 cxd5 21. Nxd5 e6 22. Ndc3 h6 23. Be3 Rc6 24. Bd4 Rb8 25. Qf3 Rc4 26. Qxb7 Rxb7 27. h3 Nd5 28. Bxg7 Kxg7 29. Nxd5 exd5 30. Nc3 Rxb2 31. Nxd5 Nc5 32. Re3 a4 33. Rde1 Rcc2 34. Rf3 Ne6 35. Rd1 Ra2 36. Nb4 Rd2 37. Re1 0-1

[Event "SUI-chT"]
[Site "Switzerland"]
[Date "2018.09.09"]
[Round "7.1"]
[White "Zujev, Oleg"]
[Black "Bogner, Sebastian"]
[Result "0-1"]
[WhiteElo "2363"]
[BlackElo "2589"]
[PlyCount "74"]
[EventDate "2018.03.25"]
[EventType "team-tourn"]
[EventRounds "9"]
[EventCountry "SUI"]
[SourceTitle "EXT 2019"]
[Source "ChessBase"]
[SourceDate "2018.10.10"]
[SourceVersion "1"]
[SourceVersionDate "2018.10.10"]
[SourceQuality "1"]
[WhiteTeam "Mendrisio"]
[BlackTeam "Reti"]
[WhiteTeamCountry "SUI"]
[BlackTeamCountry "SUI"]

1. d4 Nf6 2. c4 e6 3. Nc3 Bb4 4. e3 0-0 5. Bd3 d5 6. Nf3 c5 7. 0-0 cxd4 8. exd4 dxc4 9. Bxc4 b6 10. a3 Bxc3 11. bxc3 Qc7 12. Bd3 Qxc3 13. Rb1 Nbd7 14. Rb3 Qc7 15. Ne5 Bb7 16. Bg5 Nxe5 17. Bxf6 Nf3+ 18. gxf3 gxf6 19. Be4 Kh8 20. Qd2 Rg8+ 21. Kh1 f5 22. Rc1 Qe7 23. Bxb7 Qxb7 24. Qe3 Qd5 25. Rbc3 Rg6 26. Rc7 Kg8 27. Rc8+ Rxc8 28. Rxc8+ Kg7 29. a4 h6 30. Rc7 Rg4 31. Rxa7 Rxd4 32. Kg2 Rg4+ 33. Kh3 Qc4 34. Qe1 Qd3 35. Qh1 e5 36. a5 Rg6 37. axb6 f4 0-1

[Event "SUI-chT"]
[Site "Switzerland"]
[Date "2018.09.08"]
[Round "6.2"]
[White "Zujev, Oleg"]
[Black "Prusikin, Michael"]
[Result "0-1"]
[WhiteElo "2363"]
[BlackElo "2521"]
[PlyCount "108"]
[EventDate "2018.03.25"]
[EventType "team-tourn"]
[EventRounds "9"]
[EventCountry "SUI"]
[SourceTitle "EXT 2019"]
[Source "ChessBase"]
[SourceDate "2018.10.10"]
[SourceVersion "1"]
[SourceVersionDate "2018.10.10"]
[SourceQuality "1"]
[WhiteTeam "Mendrisio"]
[BlackTeam "Wollishofen"]
[WhiteTeamCountry "SUI"]
[BlackTeamCountry "SUI"]

1. d4 Nf6 2. c4 e6 3. Nc3 Bb4 4. e3 0-0 5. Bd3 d5 6. Nf3 b6 7. 0-0 Bb7 8. cxd5 exd5 9. a3 Bd6 10. b4 a6 11. Qb3 Qe7 12. b5 axb5 13. Nxb5 Nc6 14. Nxd6 Qxd6 15. Bb2 Na5 16. Qc2 Ba6 17. Bxa6 Rxa6 18. Ne5 Rfa8 19. Qf5 b5 20. Bc3 Nc4 21. Nxc4 bxc4 22. Bb4 Qd7 23. Qxd7 Nxd7 24. Rac1 Nf8 25. e4 c6 26. Rfe1 Ne6 27. exd5 cxd5 28. Rcd1 f6 29. g3 g5 30. f3 Kf7 31. Kf2 h5 32. Re3 Rh8 33. f4 gxf4 34. gxf4 Nxf4 35. Re7+ Kg6 36. Rg1+ Kf5 37. Ke3 Re6+ 38. Rxe6 Nxe6 39. Be7 Ng5 40. Rf1+ Ke6 41. Bb4 Re8 42. Kf4 Kf7 43. Re1 Ne6+ 44. Ke3 Nc5+ 45. Kf3 Rxe1 46. Bxe1 Ne4 47. Ke3 Ke6 48. a4 Kd7 49. Bb4 Kc6 50. Kf4 c3 51. Kf5 c2 52. Ba3 Nf2 53. h4 Nd3 54. Kg6 Kb6 0-1

[Event "Klaipeda Sea 15th"]
[Site "Klaipeda"]
[Date "2018.07.28"]
[Round "8"]
[White "Zujev, Oleg"]
[Black "Gleizerov, Evgeny"]
[Result "1/2-1/2"]
[WhiteElo "2368"]
[BlackElo "2513"]
[PlyCount "66"]
[EventDate "2018.07.23"]
[EventType "tourn"]
[EventRounds "9"]
[EventCountry "LTU"]
[EventCategory "3"]
[SourceTitle "CBM 185 Extra"]
[Source "ChessBase"]
[SourceDate "2018.07.29"]
[SourceVersion "1"]
[SourceVersionDate "2018.07.29"]
[SourceQuality "1"]

1. d4 e6 2. c4 f5 3. Nc3 Nf6 4. e3 d5 5. Bd3 c6 6. Nge2 Bd6 7. f3 0-0 8. Qc2 Kh8 9. Bd2 Na6 10. a3 dxc4 11. Bxc4 b5 12. Bd3 Qe7 13. 0-0 b4 14. Bxa6 bxc3 15. Bxc8 cxb2 16. Qxb2 Raxc8 17. a4 e5 18. Ng3 Nd7 19. Qb7 Rc7 20. Qb1 g6 21. Bc3 c5 22. dxe5 Bxe5 23. Qc2 Bxc3 24. Qxc3+ Qe5 25. Rfc1 Qxc3 26. Rxc3 c4 27. Rac1 Rfc8 28. e4 Rc5 29. exf5 gxf5 30. Re3 c3 31. Ne2 c2 32. Nd4 Nb6 33. Re2 Nxa4 1/2-1/2

[Event "Klaipeda Sea 15th"]
[Site "Klaipeda"]
[Date "2018.07.27"]
[Round "7"]
[White "Brazdzionis, Andrius"]
[Black "Zujev, Oleg"]
[Result "1-0"]
[WhiteElo "2252"]
[BlackElo "2368"]
[PlyCount "59"]
[EventDate "2018.07.23"]
[EventType "tourn"]
[EventRounds "9"]
[EventCountry "LTU"]
[EventCategory "3"]
[SourceTitle "CBM 185 Extra"]
[Source "ChessBase"]
[SourceDate "2018.07.29"]
[SourceVersion "1"]
[SourceVersionDate "2018.07.29"]
[SourceQuality "1"]

1. d4 Nf6 2. Nf3 g6 3. c4 Bg7 4. Nc3 d5 5. h4 c6 6. Bg5 dxc4 7. e4 Be6 8. e5 Nd5 9. h5 h6 10. hxg6 fxg6 11. Bd2 Nxc3 12. bxc3 b5 13. a4 Qd5 14. Be2 Bg4 15. Nh4 Bxe2 16. Qxe2 g5 17. Nf5 Bf8 18. Bxg5 Nd7 19. axb5 cxb5 20. Qh5+ Kd8 21. 0-0 Rg8 22. Ne3 Qe4 23. Bh4 Kc7 24. e6 Nb6 25. Rfe1 a6 26. d5 Kb7 27. d6 Qxe6 28. dxe7 Bg7 29. Nf5 Qc6 30. Qf7 1-0

[Event "Klaipeda Sea 15th"]
[Site "Klaipeda"]
[Date "2018.07.23"]
[Round "1"]
[White "Zujev, Oleg"]
[Black "Sriram, Jha"]
[Result "1/2-1/2"]
[WhiteElo "2368"]
[BlackElo "2409"]
[PlyCount "77"]
[EventDate "2018.07.23"]
[EventType "tourn"]
[EventRounds "9"]
[EventCountry "LTU"]
[EventCategory "3"]
[SourceTitle "CBM 185 Extra"]
[Source "ChessBase"]
[SourceDate "2018.07.29"]
[SourceVersion "1"]
[SourceVersionDate "2018.07.29"]
[SourceQuality "1"]

1. d4 d5 2. c4 c6 3. Nc3 Nf6 4. e3 a6 5. Qc2 g6 6. Bd3 Bg7 7. Nf3 b5 8. b3 0-0 9. 0-0 Nbd7 10. Bb2 Bb7 11. cxd5 cxd5 12. b4 Rc8 13. a4 e5 14. dxe5 Ng4 15. Qe2 Ngxe5 16. Nxe5 Bxe5 17. Rac1 Qf6 18. Nd1 Rxc1 19. Bxc1 Rc8 20. f4 Ba1 21. Nf2 bxa4 22. Ng4 Qc6 23. b5 Qxc1 24. Rxc1 Rxc1+ 25. Kf2 axb5 26. Bxb5 Nc5 27. Ne5 a3 28. Qa2 Bb2 29. Bc6 Ne4+ 30. Kf3 Ra1 31. Qxd5 Bxe5 32. fxe5 Bxc6 33. Qxc6 Nd2+ 34. Ke2 a2 35. e6 Re1+ 36. Kxe1 a1Q+ 37. Kxd2 Qa2+ 38. Kd3 fxe6 39. Qe8+ 1/2-1/2

[Event "SUI-chT"]
[Site "Switzerland"]
[Date "2017.09.03"]
[Round "7.1"]
[White "Stojanovic, Mihajlo"]
[Black "Zujev, Oleg"]
[Result "1-0"]
[WhiteElo "2509"]
[BlackElo "2363"]
[PlyCount "103"]
[EventDate "2017.03.19"]
[EventType "team-swiss"]
[EventRounds "9"]
[EventCountry "SUI"]
[SourceTitle "EXT 2018"]
[Source "ChessBase"]
[SourceDate "2017.10.13"]
[SourceVersion "1"]
[SourceVersionDate "2017.10.13"]
[SourceQuality "1"]
[WhiteTeam "Reti"]
[BlackTeam "Mendrisio"]
[WhiteTeamCountry "SUI"]
[BlackTeamCountry "SUI"]

1. Nf3 Nf6 2. c4 g6 3. Nc3 d5 4. cxd5 Nxd5 5. Qa4+ Bd7 6. Qh4 Nxc3 7. dxc3 c5 8. e4 Qb6 9. Ne5 Bg7 10. Nxd7 Nxd7 11. Be2 0-0 12. 0-0 Rfd8 13. f4 c4+ 14. Kh1 Nc5 15. Bxc4 Nxe4 16. f5 gxf5 17. Bxf7+ Kxf7 18. Qxe4 e6 19. Be3 Qc6 20. Qh4 Rd3 21. Bd4 Rg8 22. Qxh7 Kf8 23. Bxg7+ Rxg7 24. Qh8+ Kf7 25. Rf2 Qd5 26. Qh5+ Kg8 27. Qe2 f4 28. c4 Qxc4 29. Rxf4 Qxf4 30. Qxd3 Qf2 31. Qe4 Qxb2 32. Qxe6+ Kh7 33. Qe4+ Kg8 34. Rd1 Qf6 35. h3 Qe7 36. Qd5+ Kh7 37. Kh2 Qc7+ 38. Qd6 Qc2 39. Qd3+ Qxd3 40. Rxd3 b5 41. Ra3 Rc7 42. Ra6 Kg7 43. h4 Kg8 44. Kh3 b4 45. g3 Rb7 46. h5 Kh8 47. Kh4 Kg8 48. g4 Kh8 49. h6 Kg8 50. Kh5 Kh8 51. g5 Kg8 52. Rc6 1-0